000 00948nam a22002177a 4500
003 OSt
005 20260310062150.0
008 260310b |||||||| |||| 00| 0 eng d
020 _a0448095238
040 _aDWCL GS lib
_cOC
082 _aFic. K26m 1973
100 _aKeene Carolyn
245 _aMystery Of The Tolling Bell
_cCarolyn Keene
260 _aNew York
_bCarolyn Keene
_c1946
300 _aExtent- vii, 181 pages:
_billustrations ;
_c20cm
520 _aNancy, along with Bess and George, investigates spooky, phantom bell tolls and a "ghost" haunting a seaside cave in Candleton.
650 _aNancy Drew—is defined by self-sufficiency, level-headedness, and a balance between action and intellect.
650 _aprimarily a juvenile mystery, the novel delves into themes of greed, justice, and community moral responsibility through a plot centered on fraud and hidden secrets.
700 _aCarolyn Keene
942 _2ddc
_cFIC.
_n0
999 _c8863
_d8863